| 000 | 00800nam a2200277 a 4500 | ||
|---|---|---|---|
| 003 | AR-BaBNM | ||
| 005 | 20251128203334.0 | ||
| 008 | 082120s2002 ||||||||||||||000 | spa|| | ||
| 040 | _cAR-BaBNM | ||
| 100 | 1 | _aDíaz, Herminia P. de | |
| 245 | 0 | 0 | _aLa fotonovela y la iniciación literaria |
| 250 | _a1ª ed. | ||
| 260 |
_aBuenos Aires _bKapelusz _c1975 |
||
| 300 |
_a37 p. _bil. |
||
| 490 | 0 |
_aCuaderno pedagógico _vv. 34 |
|
| 500 | _aContiene referencias bibliográficas | ||
| 650 | 4 | _aESTRATEGIAS DE APRENDIZAJE | |
| 650 | 4 | _aOBJETIVOS EDUCACIONALES | |
| 650 | 4 | _aGENEROS LITERARIOS | |
| 653 | _aENSENANZA DE LA LENGUA | ||
| 653 | _aENSEÑANZA DE LA LITERATURA | ||
| 700 | 1 | _aZamudio de Molina, Berta | |
| 700 | 1 | _aManacorda de Rosetti, Mabel M. | |
| 942 | _cBK | ||
| 998 | _cCarmen | ||
| 999 |
_c2970 _d2970 |
||